000
00285nam a2200121Ia 4500
008
191201s1999 xx 000 0 und d
100
_a
BAHRAMI, Ali
245
0
_a
Object Oriented Systems Development
260
_b
TMH
_c
1999
300
_a
411
650
_a
B.Tech(CSE)
942
_2
ddc
_c
BK
999
_c
7116
_d
7116